000 00648nam a2200277Ia 4500
005 20260324140904.0
008 008 260324s9999 xx 000 0 eng d
020 _a9781003123033
037 _aEBOOK
040 _aCRL
040 _beng
040 _cCRL
041 _2eng
041 _aeng
084 _qCRL
100 _aJohn Kingston; Jonathan Leslie
_91206113
245 0 _aPractical Guide to Litigation
260 _bTaylor and Francis
260 _c1998
365 _a
365 _b150
856 _uhttp://www.taylorfrancis.com/books/9781003123033
942 _cEBOOK
999 _c1808650
_d1808650